Quizzes
Events
Quiz Creation
Community
Videos
Private Events
Remove Ads
Sign In
Join for FREE
Feedback
Dark Mode
Quiz Categories
Sports
Geography
Music
Movies
Television
Just For Fun
Miscellaneous
History
Literature
Language
Science
Gaming
Entertainment
Religion
Holiday
For Kids
Quiz Lab
Recent
Popular Today
Quiz Kudos Today
Editor Picks
Curator Picks
Quizzes by...
Day
Popularity
Type
Ratings
Length
Year
Community
Subscriptions
Recent Discussions
Orange Saloon
Badges
Playlists
Quests
Create
Leaderboards
Showdown
Live 5
Trivia Bingo
Activity
Puzzle Library
Sporcle Events
Private Events
Virtual Trivia
Globe League
Become a Host
Pub Owners
SporcleCon
Opinionation
Our Games
Videos
Blog
Mobile Apps
Partnerships
Remove Ads and Go Orange
Feedback
Television
TV Characters
TV Show
Sitcom
Network
Friends
Reality Shows
Cast
South Park
Star Trek
The Simpsons
Doctor Who
Television
TV Characters
TV Show
Sitcom
Network
Friends
Reality Shows
Cast
South Park
Star Trek
The Simpsons
Doctor Who
Random Quiz
Search Sporcle
×
Quiz Lab
Quiz Lab
Television
Glee
Type in answers that appear in a list
Type in answers that appear in a list
Classic
Best Score? Go Orange.
Glee Lyrics! Stats
Can you name the Glee Lyrics!?
By
gleelover
15m
125 Questions
1,520 Plays
1,520 Plays
1,520 Plays
Comments
Comments
Give Quiz Kudos
Give Quiz Kudos
-
- Ratings
hide this ad
Replay
Link that replays current quiz
Next Quiz
Link to next quiz in quiz playlist
You Got
0%
They Got
Avg Score
41%
Avg Friend Score
Upgrade to see
Score Distribution
Jump to the score distribution portion of the page
Score
0/125
Timer
15:00
0
Plays Today
Lyrics
% Correct
the
88.3%
the
88.3%
the
88.3%
the
88.3%
a
88.3%
a
88.3%
you
87.2%
you
87.2%
you
87.2%
you
87.2%
you
87.2%
you
87.2%
(and you cant stand)
82.3%
to
65.1%
to
65.1%
to
65.1%
to
65.1%
to
65.1%
it
63.9%
is
60.1%
in
59.4%
in
59.4%
in
59.4%
In
59.4%
in
59.4%
in
59.4%
you're
58.3%
you're
58.3%
my
58.1%
my
58.1%
my
58.1%
my
58.1%
my
58.1%
my
58.1%
my
58.1%
my
58.1%
my
58.1%
so
55.8%
so
55.8%
can't
54.2%
cant
54.2%
I'm
53.5%
Lyrics
% Correct
of
51.4%
of
51.4%
of
51.4%
I
50.8%
i
50.8%
I
50.8%
I
50.8%
Don't
49.3%
what
48.6%
when
47.4%
that
47.3%
that
47.3%
if
46.9%
for
46.1%
stand
44.4%
(that i cant stop)
44.1%
know
42.9%
stop
37.7%
some
35.6%
up
32.9%
up
32.9%
up
32.9%
up
32.9%
got
31.2%
need
30.5%
or
30.5%
night
29.9%
only
29.8%
baby
28.3%
baby
28.3%
middle
26.5%
thing
26.4%
take
25.7%
out
25.7%
every
25.5%
wanna
24.7%
wanna
24.7%
more
24.7%
hand
24.3%
them
23.9%
than
23.8%
put
22.5%
Lyrics
% Correct
put
22.5%
what's
22%
what's
22%
what's
22%
what's
22%
what's
22%
something
21.7%
palm
21.6%
Gonna
21%
care
20.9%
alone
20.8%
friend
20.4%
bed
19.8%
cup
19.5%
cup
19.5%
cup
19.5%
cup
19.5%
cup
19.5%
cup
19.5%
cup
19.5%
sayin
19.4%
sayin
19.4%
sayin
19.4%
sayin
19.4%
hot
17.5%
hot
17.5%
water
17.1%
gin
16.9%
coffee
16.7%
glass
16.3%
silly
16.2%
last
16.1%
lips
15.9%
paper
15.9%
pup
15.5%
styrofoam
14.6%
drop
14.4%
empty
14%
thirsty
13.9%
(ah)
4.9%
(ah)
4.9%
Quiz Playlist
Details
Report
Send in Message
Add To Playlist
Classic:
Type in answers that appear in a list
Last Updated: Feb 16, 2017
Quiz Scoreboard
CHALLENGE
Sign Up to Join the Scoreboard
Show All
Scores
Hide
Comments
May contain spoilers
Recently Published
College Basketball Coaching Resumes
by pancakes188
Sports
9m
Billboard Blitz: Fleetwood Mac
by CooCooCachoo
Music
15s
Presidents Visiting Landmarks
by Hejman
History
7m
More to Explore
Quiz From the Vault
Featured Blog Post
Where Did the Easter Bunny Come From?
hide this ad
You Might Also Like...
Tags
Glee
Today's Top Quizzes in Television
Browse Television
hide this ad
Today's Top Quizzes in Glee
Browse Glee
Top Contributed Quizzes in Television
1
5-to-1: The Simpsons Families
2
5-to-1: Television Doctors
3
7-to-1: TV Show Settings
4
5-to-1: Streaming Originals
5
One Piece Logic Puzzle
6
Survivor Seasons
7
Survivor Logic Puzzle: Heroes vs. Villains
8
All US Survivor Seasons in Order
9
TV Shows by First Names
10
Survivor Season by Logo
Explore More
Trending Topics
Harry Potter
Anime
Marvel
NBA
Crossword
Disney
Kpop
WWE
Puzzle
The Office
NFL
Song
Soccer
Pokémon
Country
hide this ad
More By:
gleelover
Quiz
Plays
Rating
Category
Featured
Created
Glee Episode Names (All Seasons)
6,383
4.10
Television
Nov 13, 2011
Glee Lyrics!
1,520
1.57
Television
Aug 13, 2011
Glee Couples Names
953
2.75
Television
Nov 6, 2011
Name the Glee songs from first and last letters
553
2.00
Television
Nov 5, 2011
Go to Creator's Profile
Score Distribution
Quiz Creator Spotlight
gleelover
Follow
Send a Message
Quizzes Created
-
Created Quiz Play Count
-
More By This Creator
Popular Quizzes Today
1
Find the US States - No Outlines Minefield
2
Find the Countries of Europe - No Outlines Minefield
3
The Countries of the World
4
Find the US States
5
Risky Map Clicking: Biggest States A-Z
6
US States
7
Popular People in 1961
8
Movies - When Are They Set?
More Television Quizzes
Find the Workplace Comedy Show
Published
Trending Quizzes
Risky Map Clicking: Least Populous States A-Z
1-10 Letter G Words
1-10 Letter F Words
Risky Map Clicking: Next State Alphabetically
Risky Map Clicking: Biggest States A-Z
Recently Updated
Leaping Animals
pecheneg
Reality TV Shows (A-Z)
bhenderson79
Rickey Henderson's Hall of Fame Teammates
pecheneg
Champions League XIs: Arsenal
pecheneg
Quick Pick: Celebrities in WWE's Hall of Fame
aduchscher
A-Z Keypad Blitz II
pecheneg
Multiple Oscar Actors
pecheneg
Mystery Phrase Blitz: Oscar 'Best Actors'
pecheneg
F. Scott Fitzgerald Novels
LTH
Pick 3 Villains
ddd62291
Trending Topics
Kpop
Disney
Anime
Marvel
Crossword
Harry Potter
NBA
The Office
Song
NFL
Soccer
Pokémon
WWE
Puzzle
Country
Your Account Isn't Verified!
In order to create a playlist on Sporcle, you need to verify the email address you used during registration. Go to your
Sporcle Settings
to finish the process.
Report this User
Report this user for behavior that violates our
Community Guidelines
.
Details:
Send Report
Go to the Sporcle.com Mobile Site →
Comments